000 00580cam a2200205 a 4500
001 12032645
005 20180215032155.0
008 990415s1990 nyua e 001 0 eng
010 _a 00500030
020 _a0671708635 (pbk.)
040 _aDLC
_cDLC
_dDLC
041 _aeng
080 _a37 ste
100 1 _a48
101 _aedu
245 1 4 _aThe seven habits of highly effective people :
_cStephen R. Covey.
246 1 4 _a7 habits of highly effective people
906 _a7
_bcbc
_corignew
_d3
_encip
_f20
_gy-gencatlg
942 _2ddc
_cBK
999 _c42556
_d42556